Matthew Perry Filmography - Statistics

General Stats
  • This quiz has been taken 82 times
    6 since last reset
  • The average score is 26 of 80
Answer Stats
Type Year Name % Correct
TV Show 1994-2004 Friends
100%
Film 2009 17 Again
83%
Web Special 2021 Friends: The Reunion
67%
TV Show 2015-2017 The Odd Couple
67%
TV Show 2003 The West Wing
67%
Film 2000 The Whole Nine Yards
67%
Film 2004 The Whole Ten Yards
67%
Film 1998 Almost Heroes
50%
Film 1988 A Night in the Life of Jimmy Reardon
50%
Film 2008 Birds of America
50%
Film 1997 Fools Rush In
50%
TV Show 2012-2013 Go On
50%
TV Show 1989 Growing Pains
50%
TV Show 2011 Mr. Sunshine
50%
Film 2007 Numb
50%
TV Show 1997 Saturday Night Live
50%
TV Show 1987-1988 Second Chance
50%
Film 2002 Serving Sara
50%
Film 1989 She's Out of Control
50%
TV Show 2006-2007 Studio 60 on the Sunset Strip
50%
TV Show 1990 Sydney
50%
TV Film 2006 The Ron Clark Story
50%
Film 1999 Three to Tango
50%
TV Show 1979 240-Robert
33%
TV Show 2002 Ally McBeal
33%
TV Show 1991 Beverly Hills, 90210
33%
TV Film 1990 Call Me Anna
33%
TV Show 1995 Caroline in the City
33%
TV Show 1985 Charles in Charge
33%
TV Show 2011 Children's Hospital
33%
TV Show 2014 Cougar Town
33%
TV Film 1988 Dance 'til Dawn
33%
TV Film 1993 Deadly Relations
33%
TV Show 1992 Dream On
33%
TV Show 1989 Empty Nest
33%
Video Game 2010 Fallout: New Vegas
33%
Film 1994 Getting In
33%
TV Show 1988 Highway to Heaven
33%
TV Show 1993 Home Free
33%
TV Show 1988 Just the Ten of Us
33%
TV Film 1994 L.A.X. 2194
33%
TV Show 1983 Not Necessarily the News
33%
TV Film 1994 Parallel Lives
33%
TV Show 2014 Playhouse Presents
33%
TV Show 2004 [scrubs]
33%
Theater 2003 Sexual Perversity in Chicago
33%
TV Show 1992 Sibs
33%
TV Show 1986 Silver Spoons
33%
Theater 2016-2017 The End of Longing
33%
Web Series 2017 The Good Fight
33%
TV Show 2012-2013 The Good Wife
33%
TV Show 1995 The John Larroquette Show
33%
TV Mini-Series 2017 The Kennedys After Camelot
33%
Film 2000 The Kid
33%
TV Show 2001 The Simpsons
33%
TV Show 2015 Web Therapy
33%
TV Show 1990 Who's the Boss?
33%
TV Short 2005 Friday Night Lights Lost Scene
17%
Short Film 2005 Hoosiers II: Senior Year
17%
Music Video 1995 I'll Be There for You
17%
TV Film 1987 Morning Maggie
17%
TV Film 2008 The End of Steve
17%
TV Show 1987 The Tracey Ullman Show
17%
TV Show 2017 Ca$h Cab
0%
TV Show 2010 Celebrity Liar
0%
Commercial 2005 Hanes Underwear
0%
TV Show 2013 Hollywood Game Night
0%
Short Film 1999 Imagining Emily
0%
Documentary 2025 Matthew Perry: A Hollywood Tragedy
0%
Web Special 2022 Matthew Perry: Live from Town Hall
0%
Documentary 2023 Matthew Perry: Not Just Friends
0%
TV Documentary 2022 Matthew Perry: The Diane Sawyer Interview
0%
Audiobook 1993 Microserfs
0%
TV Show 2013 Piers Morgan Live
0%
TV Show 2004 Punk'd
0%
TV Show 2014 Quiet on the Set
0%
Documentary Mini-Series 2018 The '90s Greatest
0%
TV Documentary 2014 The '90s: The Last Great Decade
0%
Documentary 2024 The Real! Matthew Perry: More Than a Friend
0%
Documentary 2009 Zac Goes Back
0%
No matching quizzes found
Score Distribution
Percent of People with Each Score
Percentile by Number Answered
Your Score History
You have not taken this quiz since the last reset